00857 2200337 4500001002100000005001700021008004100038020002200079035002400101040001300125041000800138082000800146090001400154100002600168245005100194250001100245260003600256300002800292600001900320650002000339990001600359990001600375990001600391990001600407990001600423990001600439990001600455990001600471990001600487990001600503YOGYA-1112000000040520121121132404.0 ind  a978-602-8900-21-8 0010-111200000000405 aYOPD DIY aIND a813 a813 Dia S aDIAN OKTAVIANA, 1994- aSenandung cinta untuk princesscDian Oktaviana aCet.1. aYogyakartabInterpre Bookc2011 a266 hlmc19 cm (10 eks) aAhmad cahyanto aFiksi Indonesia a291-PK/B.12 a292-PK/B.12 a293-PK/B.12 a294-PK/B.12 a295-PK/B.12 a296-PK/B.12 a297-PK/B.12 a298-PK/B.12 a299-PK/B.12 a300-PK/B.12